000 00275nam a22001217a 4500
003 SGT
082 _bHAR
100 _aHARLEN, WYNNE
245 _aUNESCO SOURCE BOOK FOR SCIENCE IN THE PRIMARY SCHOOL
260 _aFRANCE
_bUNESCO
_c1994
300 _a270
942 _2ddc
_cBK
999 _c19985
_d19985